| 000 | 00557nam a2200157 i 4500 | ||
|---|---|---|---|
| 001 | 76651 | ||
| 003 | ES-MaACL | ||
| 005 | 20230906172918.0 | ||
| 007 | t| | ||
| 008 | 041004s1954 sp ||||1| spa d | ||
| 100 | 1 |
_aGuitert y Fontsere, Joaquín. _960909 |
|
| 245 | 1 | 0 |
_aCuriosidades, leyendas y tradiciones del Real Monasterio de Santes Creus / _cJoaquín Guitert y Fontsere. |
| 260 |
_aLa Selva del Campo : _bMas Catalonia, _c1954 ( _eTarragona : _fTorres y Virgili) |
||
| 300 |
_a59 p., 3 lám. : _bil. ; _c22 cm. |
||
| 852 |
_aES-MaACL _j1970-F-8 _bR.36658 |
||
| 999 |
_c76651 _d76651 |
||